| 000 | 00534nam a2200181 i 4500 | ||
|---|---|---|---|
| 001 | 93572 | ||
| 003 | ES-MaACL | ||
| 005 | 20240508172143.0 | ||
| 007 | t| | ||
| 008 | 050414q1920 sp |||| | gao d | ||
| 100 | 1 |
_aLópez Abente, Gonzalo. _973379 |
|
| 245 | 1 | 0 |
_aAlento da raza / _cGonzalo López Abente ; prólogo de Aurelio Ribalta. |
| 260 |
_aMadrid : _bXan Pérez Torres, _c[ca. 1920] |
||
| 300 |
_a179 p. ; _c19 cm. |
||
| 700 | 1 |
_aRibalta, Aurelio, _d1864-1940 _996710 |
|
| 852 |
_aES-MaACL _jG-287 |
||
| 999 |
_c93572 _d93572 |
||